| 000 | 02884nam0a2200529 4500 | ||
|---|---|---|---|
| 001 | RU\NLR\bibl\1414009 | ||
| 005 | 20260405185101.0 | ||
| 010 |
_a978-5-93204-462-9 _9100 |
||
| 021 |
_aRU _b2009-56288 _93470 |
||
| 035 | _a(nilc)EL/0000283487 | ||
| 035 | _a(NLR Aleph) 001405981 | ||
| 090 |
_a1252240 _c1252240 |
||
| 100 | _a20090728d2009 |||y0rusy50 ca | ||
| 101 | 0 |
_arus _aeng |
|
| 102 | _aRU | ||
| 105 | _aa j ||||| | ||
| 200 | 1 |
_aОсновы электроники и электротехники _dThe principles of electronics and electrical engineering _eучебное пособие по английскому языку для студентов факультета "Автомобильный транспорт", обучающихся по специальности "Электрооборудование автомобилей и тракторов" _fИ.В. Бреус, М.С. Минина _gФедер. агентство по образованию, ГОУ ВПО "Сиб. гос. автомоб.-дорож. акад. (СибАДИ)" _zeng |
|
| 210 |
_aОмск _cСибАДИ _d2009 |
||
| 215 |
_a110 с. _cил., табл. _d21 |
||
| 300 | _aТекст на англ. яз. | ||
| 320 | _aБиблиогр.: с. 109 (10 назв.) | ||
| 320 | _aКрат. слов. общетехн. слов и терминов: с. 91-108 | ||
| 510 | 1 |
_6z48790 _aThe principles of electronics and electrical engineering _zeng |
|
| 606 | 1 |
_aАнглийский язык _xУчебные издания для автотранспортных специальностей _92532965 _3RU\NLR\AUTH\661500221 |
|
| 606 | 1 |
_aАнглийский язык _xУчебные издания для специалистов в области электроники _92572189 _3RU\NLR\auth\661521006 |
|
| 610 | 1 | _aЭлектроника | |
| 610 | 1 | _aЭлектротехника | |
| 610 | 1 | _aАнглийский язык | |
| 610 | 1 | _aИзучение языка | |
| 686 |
_a32.85я73 _vLBC/RL _2rubbk |
||
| 686 |
_a31.2я73 _vLBC/RL _2rubbk |
||
| 686 |
_a81.432.1-923 _vLBC/RL _2rubbk |
||
| 686 | 1 | _aШ143.21-93рус328.76 | |
| 686 | 1 | _aШ143.21-93рус328.71 | |
| 700 | 1 |
_4070 _8rus _7ca _aБреус _bИ. В. _gИрина Владимировна _3RU\NLR\auth\7781456 _964384 |
|
| 701 | 1 |
_4070 _8rus _7ca _aМинина _bМ. С. _gМария Сергеевна _3RU\NLR\auth\7781461 _964389 |
|
| 790 | 1 |
_4070 _8rus _7ba _aBreus _bI. V. _gIrina Vladimirovna _3RU\NLR\auth\7781457 _964385 |
|
| 790 | 1 |
_4070 _8rus _7ba _aMinina _bM. S. _gMarija Sergeevna _3RU\NLR\auth\7781462 _964390 |
|
| 801 | 0 |
_aRU _bОмская ГОНБ _c20090728 _grcr |
|
| 801 | 1 |
_aRU _bОмская ГОНБ _c20090728 _2rusmarc |
|
| 801 | 2 |
_aRU _bNLR _c20090917 _grcr |
|
| 830 | _aавт. раскрыты по кн. | ||
| 942 | _cBOOK | ||
| 980 | _aNB | ||
| 980 | _aNBR | ||